Cases In human resource management / (Record no. 77216)

MARC details
000 -LEADER
fixed length control field 00658nam a22001937a 4500
005 - DATE AND TIME OF LATEST TRANSACTION
control field 20130821154033.0
010 ## - LCCN (DPL NO)
LC control number ENG-107824
020 ## - INTERNATIONAL STANDARD BOOK NUMBER
International Standard Book Number 9788192157979
Terms of availability 295.00
035 ## - SYSTEM CONTROL NUMBER
System control number EN-91357
037 ## - SOURCE OF ACQUISITION
Source of stock number/acquisition DBAD/PUB
082 ## - DEWEY DECIMAL CLASSIFICATION NUMBER
Classification number 658.3
100 ## - MAIN ENTRY--PERSONAL NAME
Personal name Panda, Sitansu
245 ## - TITLE STATEMENT
Title Cases In human resource management /
Statement of responsibility, etc by Sitansu Panda [and] S.F. Chandra Sekhar
260 ## - PUBLICATION, DISTRIBUTION, ETC. (IMPRINT)
Place of publication, distribution, etc Hyderabad
Name of publisher, distributor, etc Paramount Publishing House
Date of publication, distribution, etc 2012
270 ## - ADDRESS
Address 3-5-1105, 2nd floor, PVR Estates, behind Hero Honda showroom, Narayanaguda
City Hyderabad
Postal code 500029
300 ## - PHYSICAL DESCRIPTION
Extent iii,322p. :
Dimensions 24cm(pbk)
Other physical details ill.
700 ## - ADDED ENTRY--PERSONAL NAME
Personal name Chandra Sekhar, S.F.
942 ## - ADDED ENTRY ELEMENTS (KOHA)
Source of classification or shelving scheme Dewey Decimal Classification
Item type English Books
Call number suffix PAN
Classification part 658.3
Holdings
Withdrawn status Lost status Not for loan Collection code Home library Current library Date acquired Source of acquisition Cost, normal purchase price Full call number Barcode Copy number Cost, replacement price Koha item type
    Not For Loan Non-fiction D.B.Act.Division D.B.Act.Division 05/07/2013 DBAD/PUB 295.00 658.3 PAN EN-91357 1 295.00 English Books

© Delhi Public Library
Hit Counter
free hit counter